000
00305nam a22001337a 4500
008
180820b xxu||||| |||| 00| 0 eng d
020
_a
9780073295817
041
_a
eng
080
_a
334.7
100
_a
55
101
_a
MAN
245
_a
FOUNDATIONS FINANCIAL MANAGEMENT
_c
BLOCK.S.B
942
_2
udc
_c
BK
999
_c
47232
_d
47232